000 01211nam0a22002651 4500
001 rc\4921643
005 20250613041445.0
021 _aRU
_b[57-19837]
035 _a(NLR Aleph) 008941364
090 _a8947844
_c8947844
100 _a20130426d1957 |||y0rusy50 ca
101 0 _arus
102 _aRU
105 _aa z |||||
200 1 _aРазработка пласта "толстый" через гезенки, пройденные по породе
_fСталинский дом техники М-ва угольной пром-сти УССР. Науч.-техн. о-во горняков. Сталинское обл. отд-ние. О-во по распространению полит. и науч. знаний УССР. Сталинское обл. отд-ние
210 _aСталино
_cБ. и.
_d1957
215 _a12 с.
_cчерт.
_d21
225 1 _a[Обмен передовым опытом]
606 _aУгольные месторождения
_xСистемы разработки
_2psbo
700 1 _aФунин
_bВ.А.
_gВиктор Алексеевич
801 0 _aRU
_bNLR
_gpsbo
801 1 _aRU
_bELAR
_2rusmarc
852 _aNLR
_j57-6/2343
942 _cBOOK
980 _aNB